书目信息 |
| 题名: |
模拟电路II习题集
|
|
| 作者: | 日柄本治利 , 真真田胜久 著 ;吕砚山 译 | |
| 分册: | ||
| 出版信息: | 北京 科学出版社 2001 |
|
| 页数: | 192页 | |
| 开本: | 20cm | |
| 丛书名: | ||
| 单 册: | ||
| 中图分类: | TN710-44 | |
| 科图分类: | ||
| 主题词: | 电子电路 | |
| 电子资源: | ||
| ISBN: | 7-03-008927-8 | |
| 000 | 00699nam0 2200205 450 | |
| 001 | 0735592734 | |
| 005 | 20070906095312.73 | |
| 010 | @a7-03-008927-8@d¥12.50 | |
| 100 | @a20070906d km y0chiy0120 ea | |
| 101 | 0 | @achi |
| 200 | 1 | @a模拟电路II习题集@Amo ni dian lu II xi ti ji@f[日]柄本治利,真真田胜久著@F[ri]bing ben zhi li,zhen zhen tian sheng jiu zhu@g吕砚山译@Glu yan shan yi |
| 210 | @a北京@c科学出版社@d2001 | |
| 215 | @a192页@d20cm | |
| 606 | 0 | @a电子电路 |
| 690 | @aTN710-44@v3 | |
| 701 | 0 | @a日柄本治利@Ari bing ben zhi li@4著 |
| 701 | 0 | @a真真田胜久@Azhen zhen tian sheng jiu@4著 |
| 702 | 0 | @a吕砚山@Alu yan shan@4译 |
| 801 | 0 | @aCN@bPFT@c20070906 |
| 905 | @a213230@dTN710-44@eP20:2@f1 | |
| 模拟电路II习题集/[日]柄本治利,真真田胜久著/吕砚山译.-北京:科学出版社,2001 |
| 192页;20cm |
| ISBN 7-03-008927-8:¥12.50 |
| ● |
| 相关链接 |
|
|
|
|
正题名:模拟电路II习题集
索取号:TN710-44/P20:2
 
预约/预借
| 序号 | 登录号 | 条形码 | 馆藏地/架位号 | 状态 | 备注 |
| 1 | 7200864 | 272008640 | 密集书库-物理学院/ [索取号:TN710-44/P20:2] | 在馆 |